00500nam a22001577a 4500020001800000041000800018082001500026100003000041245008300071260002300154300000800177650002300185942000700208952011000215999001700325 a9788184656541 aENG a220.6bJOS aJoseph P V ; Simon Samuel aBible, mission, and theology : a festschrift in honor of Rev. Dr. Simon Samuel aDelhibISPCKc2018 a248 aMissionsaTheology cBK 00104070aHMIbHMIcGENd2020-06-11eISPCKg350.00l0o220.6 JOSp11004387r2026-01-16w2026-01-16yREF c22962d22962